| 000 | 00548nam a2200193 i 4500 | ||
|---|---|---|---|
| 001 | bgj | ||
| 245 | 0 | 0 |
_aLachen macht gesund / _czebrał i oprac. Romuald Chilmończyk. |
| 260 |
_aWarszawa : _bWydawnictwa Szkolne i Pedagogiczne, _c1984. |
||
| 300 |
_a126, [1] s. : _bill. ; _c19 cm. |
||
| 650 | 9 |
_aDeutsch _xWitze _xAnekdote |
|
| 655 | _aLehrbuch | ||
| 700 | 1 |
_aChilmończyk, Romuald. _eOprac. |
|
| 020 | _a8302020591 | ||
| 040 | _cBPK | ||
| 041 | 0 | _ager | |
| 920 | _a83-02-02059-1 | ||
| 942 | _cKS | ||
| 008 | s gw f |000 0 ger | ||
| 999 |
_c49532 _d49532 |
||
| 856 |
_uhttp://koha.tu.koszalin.pl/cgi-bin/koha/opac-detail.pl?biblionumber=49532 _yKatalog online BPK |
||